Language Quiz

Random Language or Letter Quiz

'U' Vocabulary (Medium) Quiz Stats

 Plays Quiz Updated Dec 3, 2016

Support Sporcle.
Go Orange.
Score 0/25 Timer 09:00
0 Plays Today
% Correct
unemployed
93.8%
uproot
92.4%
utopia
92.2%
unbiased
90.5%
ultimatum
90.4%
unripe
90.3%
unitard
90.3%
upperclassman
89.8%
unorthodox
89.6%
unmown
87.5%
uncivil
87.3%
unconscious
87.2%
unfettered
87.1%
% Correct
unfathomable
86.7%
utmost
86.4%
unanimous
86.3%
unilateral
85.4%
uptight
84.8%
umami
82.9%
usury
81.4%
utilitarian
80.6%
unison
80.4%
unerring
77%
ubiquitous
75.6%
urbane
68.1%

You're not logged in!

Compare scores with friends on all Sporcle quizzes.
OR
Log In

From the Vault

Speed Typing: Red

by Sssophie

Type carefully or you'll be seeing...well, you know.
Remove Ads.
Support Sporcle.
Get the best of Sporcle when you Go Orange. This ad-free experience offers more features, more stats, and more fun while also helping to support Sporcle. Thank you for becoming a member.

Show Comments

Extras

Top Quizzes Today


Score Distribution

Your Account Isn't Verified!

In order to create a playlist on Sporcle, you need to verify the email address you used during registration. Go to your Sporcle Settings to finish the process.

Report this User

Report this user for behavior that violates our Community Guidelines.

Details: